Olivia Rodrigo Artist Quiz - Statistics

General Stats
  • This quiz has been taken 13 times
  • The average score is 9 of 20
Answer Stats
Hint Answer % Correct
2023 GUTS
100%
2021 SOUR
100%
What year did Olivia release her debut studio album? 2021
83%
What is the title of the song she wrote for The Hunger Games? Can't Catch Me Now
83%
What was her debut single titled? drivers license
67%
Which US state was Olivia born in? California
58%
Name one track released as part of the deluxe to her sophomore album. obsessed / scared of my guitar / stranger / girl i've always been / so american
50%
So when you gonna tell her __________________________. So when you gonna tell her {that we did that too}
50%
Each time I step outside, ______________________. Each time I step outside, {it's social suicide}
42%
What is Olivia's middle name? Isabel
42%
And I know we weren't perfect, ____________________________________. And I know we weren't perfect, {but I've never felt this way for no one}
33%
Coca-Cola bottles that I only use _______________________. Coca-Cola bottles that I only use {to curl my hair}
33%
What is the name of her producer? Daniel Nigro
33%
Now you bring her around ___________________. Now you bring her around {just to shut me down}
33%
What is the name of the Disney+ show she started acting on? Bizaardvark
25%
I hope you're happy, but ____________________. I hope you're happy, but {don't be happier}
25%
All your friends are so cool, _____________________. All your friends are so cool, {you go out every night}
17%
Another song, another club, ____________________. Another song, another club, {another bar, another dance}
17%
What record label is Olivia signed to? Geffen Records
0%
What is the name of the character she played in that show? Paige Olvera
0%
No matching quizzes found
Score Distribution
Percent of People with Each Score
Percentile by Number Answered
Your Score History
You have not taken this quiz